Handbook of magnetic measurements (Record no. 72959)

MARC details
000 -LEADER
fixed length control field 00609 2200193 4500
005 - DATE AND TIME OF LATEST TRANSACTION
control field 20120508094349.0
008 - FIXED-LENGTH DATA ELEMENTS--GENERAL INFORMATION
fixed length control field 120508t xxu||||| |||| 00| 0 eng d
080 ## - UNIVERSAL DECIMAL CLASSIFICATION NUMBER
Universal Decimal Classification number 537.6
Item number TUM
100 ## - MAIN ENTRY--PERSONAL NAME
Personal name Tumanski, S.
245 ## - TITLE STATEMENT
Title Handbook of magnetic measurements
300 ## - PHYSICAL DESCRIPTION
Extent xiv, 390p.
653 ## - INDEX TERM--UNCONTROLLED
Uncontrolled term Magnetism
653 ## - INDEX TERM--UNCONTROLLED
Uncontrolled term Magnetic measurements
653 ## - INDEX TERM--UNCONTROLLED
Uncontrolled term Magnetic sensors
942 ## - ADDED ENTRY ELEMENTS (KOHA)
item type Books
260 ## - PUBLICATION, DISTRIBUTION, ETC. (IMPRINT)
Place of publication, distribution, etc Boca ration
Name of publisher, distributor, etc CRC
Date of publication, distribution, etc 2011
020 ## - INTERNATIONAL STANDARD BOOK NUMBER
International Standard Book Number 9781439829516
260 ## - PUBLICATION, DISTRIBUTION, ETC. (IMPRINT)
-- 18455
Holdings
Lost status Source of classification or shelving scheme Not for loan Home library Current library Shelving location Date acquired Cost, normal purchase price Total Checkouts Full call number Barcode Date last seen Date checked out Cost, replacement price Price effective from Koha item type
  Universal Decimal Classification   University Library University Library General Stacks 07/01/2012 0.00 2 537.6 TUM 00066675 11/04/2018 31/03/2017 0.00 07/01/2012 Books
University Library, CUSAT